000 00735nam a22002177a 4500
003 UA-OsUOA
001 115183
007 ta
008 20151208b un ||||| |||| 00| 0 ukr d
100 _aУстіннікова О.
090 _a659
_bУ80
942 _cSA
040 _aUA-OsUOA
_bukr
_cUA-OsUOA
_dUA-OsUOA
245 _aІнформаційний ресурс української періодики
300 _aС.3-8
955 _a0
041 _aukr
080 _a659
773 0 _w115182
_tВісник книжкової палати
_dК.
_d2015
_g10
650 7 _a659 Реклама. Система інформації. Громадська інформація та реклама (Паблик-Рилейшнз)
_2UDC
999 _c401353
_d401353